Carregando...

Radiation techniques for water use efficiency study

Detalhes bibliográficos
Autor principal: International Atomic, Energy Agency
Formato: Printed Book
Idioma:Undetermined
English
Publicado em: Vienna International Atomic Energy Agency 1975
Assuntos:
LEADER 00603nam a2200169Ia 4500
008 140306s9999 xx 000 0 und d
041 |a eng 
082 |a 541.38  |b INT/RA 
100 |a International Atomic, Energy Agency 
245 |a Radiation techniques for water use efficiency study 
260 |a Vienna  |b International Atomic Energy Agency  |c 1975 
300 |a 127 
365 |b Rs.39 
650 |a Radiochemistry 
942 |2 ddc  |c BK 
999 |c 114027  |d 114027 
952 |0 0  |1 0  |2 ddc  |4 0  |6 541_380000000000000_INTRA  |7 0  |9 111962  |a KAUHCV  |b KAUHCV  |d 2004-04-20  |g 39.00  |o 541.38 INT/RA  |p KAU_HCV-14430  |r 2014-03-22  |w 2014-03-22  |y BK